Del ser al hacer: los orígenes de la biología del conocer

Salvato in:
Dettagli Bibliografici
Autori principali: Maturana Romesín, Humberto (autor), Pörksen, Bernhard (Autore)
Natura: Libro
Lingua:spagnolo
Pubblicazione: Santiago Comunicaciones Noreste 2004
Edizione:1a. ed
Soggetti:
Tags: Aggiungi Tag
Nessun Tag, puoi essere il primo ad aggiungerne!!

MARC

LEADER 00000cam a2200000 a 4500
001 UCI9258
003 CL-VaPUC
008 081030e20040000CL |||||||||||||||||spa|d
020 |a 9567802920 
082 0 4 |a 121  |b MAT  |2 21 
100 |a Maturana Romesín, Humberto  |e autor  |9 448877 
700 0 |a Pörksen, Bernhard  |e author  |9 532893 
245 1 0 |a Del ser al hacer: los orígenes de la biología del conocer 
250 |a 1a. ed 
300 |a 239 p 
942 |c BK 
945 |d 20081030 00:00:00  |a jtorresc 
260 |a Santiago  |b Comunicaciones Noreste  |c 2004 
650 0 |a Teoría del conocimiento   |9 255038 
650 0 |a Cognición   |9 270347 
583 |a last modification  |c 20170822 05:40:21  |k Rodrigo Vera 
999 |c 331835  |d 331833 
952 |0 0  |1 0  |4 0  |6 121_000000000000000_MAT_2004  |7 0  |8 A  |9 418983  |a BIBCUR  |b BIBCUR  |d 2019-11-22  |i 4494687  |l 2  |m 1  |o 121 MAT 2004  |p 4494687  |r 2025-04-22  |s 2024-08-06  |w 2019-11-22  |y BK  |k PER 
952 |0 0  |1 0  |4 0  |6 121_000000000000000_MAT_2004  |7 0  |8 CCM  |9 418984  |a BIBCUR  |b BIBCUR  |d 2019-11-22  |i 4560388  |l 2  |m 4  |o 121 MAT 2004  |p 4560388  |r 2025-04-22  |s 2024-08-29  |w 2019-11-22  |y BK  |k CIM 
952 |0 0  |1 0  |3 erb  |4 0  |6 121_000000000000000_MAT_2004  |7 0  |8 A  |9 418985  |a BIBGIM  |b BIBGIM  |i 5419336  |o 121 MAT 2004  |p 5419336  |r 2025-01-15  |w 2019-11-22  |y BK  |z Catalogado en:20170825  |k COM 
952 |0 0  |1 0  |3 erb  |4 0  |6 121_000000000000000_MAT_2004  |7 0  |8 A  |9 418986  |a BIBGIM  |b BIBGIM  |i 5419328  |o 121 MAT 2004  |p 5419328  |r 2025-01-15  |w 2019-11-22  |y BK  |z Catalogado en:20170825  |k COM 
952 |0 0  |1 0  |3 erb  |4 0  |6 121_000000000000000_MAT_2004  |7 0  |8 A  |9 418987  |a BIBGIM  |b BIBGIM  |i 541931K  |o 121 MAT 2004  |p 541931K  |r 2025-01-15  |w 2019-11-22  |y BK  |z Catalogado en:20170825  |k COM 
952 |0 0  |1 0  |3 erb  |4 0  |6 121_000000000000000_MAT_2004  |7 0  |8 A  |9 418988  |a BIBGIM  |b BIBGIM  |i 5419301  |o 121 MAT 2004  |p 5419301  |r 2025-01-15  |w 2019-11-22  |y BK  |z Catalogado en:20170825  |k COM 
952 |0 0  |1 0  |3 erb  |4 0  |6 121_000000000000000_MAT_2004  |7 0  |8 A  |9 418989  |a BIBGIM  |b BIBGIM  |i 5419298  |o 121 MAT 2004  |p 5419298  |r 2025-01-15  |w 2019-11-22  |y BK  |z Catalogado en:20170825  |k COM 
952 |0 0  |1 0  |3 erb  |4 0  |6 121_000000000000000_MAT_2004  |7 0  |8 A  |9 418990  |a BIBGIM  |b BIBGIM  |i 541928K  |o 121 MAT 2004  |p 541928K  |r 2025-01-15  |w 2019-11-22  |y BK  |z Catalogado en:20170825  |k COM 
952 |0 0  |1 0  |3 erb  |4 0  |6 121_000000000000000_MAT_2004  |7 0  |8 A  |9 418991  |a BIBGIM  |b BIBGIM  |i 5419271  |o 121 MAT 2004  |p 5419271  |r 2025-01-15  |w 2019-11-22  |y BK  |z Catalogado en:20170825  |k COM 
952 |0 0  |1 0  |3 erb  |4 0  |6 121_000000000000000_MAT_2004  |7 0  |8 A  |9 418992  |a BIBGIM  |b BIBGIM  |i 5419263  |l 1  |o 121 MAT 2004  |p 5419263  |r 2025-01-15  |s 2023-09-13  |w 2019-11-22  |y BK  |z Catalogado en:20170825  |k COM 
952 |0 0  |1 0  |3 erb  |4 0  |6 121_000000000000000_MAT_2004  |7 0  |8 A  |9 418993  |a BIBGIM  |b BIBGIM  |i 5419255  |o 121 MAT 2004  |p 5419255  |r 2025-01-15  |w 2019-11-22  |y BK  |z Catalogado en:20170825  |k COM 
952 |0 0  |1 0  |3 erb  |4 0  |6 121_000000000000000_MAT_2004  |7 0  |8 A  |9 418994  |a BIBGIM  |b BIBGIM  |i 5419247  |o 121 MAT 2004  |p 5419247  |r 2025-01-15  |w 2019-11-22  |y BK  |z Catalogado en:20170825  |k COM